| 000 | 00514nam a2200193Ia 4500 | ||
|---|---|---|---|
| 008 | 131103s9999 xx 000 0 und d | ||
| 020 | _cRs.90 | ||
| 040 | _aLoreto College | ||
| 041 | _aEnglish | ||
| 082 |
_aREF/MAL _bLCBED/13546 |
||
| 245 |
_aManorama yearbook 2002 _cEdited by K.M. Mathew |
||
| 260 |
_aKottayam _bMalayala Manorama _c2002 |
||
| 300 |
_a832p. _b ill.,map, table _c 22cm. |
||
| 504 | _aIncludes index | ||
| 650 | _aIQ | ||
| 700 | _aMathew, K.M; ed. | ||
| 850 | _aLCBED/REF/MAL | ||
| 942 | _cBK | ||
| 999 |
_c30867 _d81346 |
||